[Event "LIII C.to Italiano"]
[Site "Filettino ITA"]
[Date "1994.01.13"]
[Round "1"]
[White "Arlandi, Ennio"]
[Black "Passerotti, Pierluigi"]
[Result "1-0"]
[WhiteElo "2430"]
[BlackElo "2330"]
[PlyCount "70"]
[EventDate "1994.01.13"]

1. d4 c5 2. d5 e5 3. e4 d6 4. h3 Nd7 5. c4 Be7 6. Nf3 h6 7. Nc3 Ndf6 8. Bd3 Nh7
9. b3 Ng5 10. Nh2 Nf6 11. Qe2 Qd7 12. Nf1 Bd8 13. Ng3 Ba5 14. Bd2 Qe7 15. a3
O-O 16. b4 cxb4 17. Nd1 Bb6 18. axb4 Kh8 19. Ne3 g6 20. h4 Ngh7 21. c5 dxc5 22.
Nc4 Bc7 23. bxc5 Qxc5 24. Bxh6 Re8 25. Be3 Qb4+ 26. Bd2 Qe7 27. h5 Bg4 28. f3
Bxh5 29. Nf1 g5 30. g4 Bg6 31. Bxg5 b5 32. Ncd2 b4 33. Ng3 Kg8 34. Qh2 b3 35.
Nf5 Qb4 1-0

[Event "LIII C.to Italiano"]
[Site "Filettino ITA"]
[Date "1994.01.13"]
[Round "1"]
[White "Godena, Michele"]
[Black "Borgo, Giulio"]
[Result "1/2-1/2"]
[WhiteElo "2480"]
[BlackElo "2350"]
[PlyCount "33"]
[EventDate "1994.01.13"]

1. e4 c5 2. Nf3 e6 3. c3 Nf6 4. e5 Nd5 5. d4 cxd4 6. cxd4 d6 7. Bc4 Nb6 8. Bb3
Bd7 9. O-O Bc6 10. Nc3 N8d7 11. Qe2 Be7 12. Rd1 O-O 13. Bf4 dxe5 14. dxe5 Rc8
15. Nd4 Nd5 16. Nxc6 bxc6 17. Bg3 1/2-1/2

[Event "LIII C.to Italiano"]
[Site "Filettino ITA"]
[Date "1994.01.13"]
[Round "1"]
[White "Mantovani, Renzo"]
[Black "Redo, Nicola"]
[Result "1-0"]
[WhiteElo "2360"]
[BlackElo "2210"]
[PlyCount "68"]
[EventDate "1994.01.13"]

1. d4 Nf6 2. Nf3 b5 3. Bg5 Bb7 4. Bxf6 exf6 5. Qd3 a6 6. Nbd2 Nc6 7. c3 d5 8.
g3 Bd6 9. Bg2 O-O 10. O-O g6 11. e4 dxe4 12. Nxe4 Re8 13. Nxd6 Qxd6 14. Rfe1
Rad8 15. Nd2 Ne5 16. Rxe5 fxe5 17. Bxb7 exd4 18. Ne4 Qb6 19. Qf3 Kg7 20. Nd2
Re6 21. Be4 Rf6 22. Qe2 dxc3 23. Nf1 Re8 24. bxc3 Rfe6 25. Nd2 f5 26. a4 fxe4
27. Nf1 Rf8 28. Rb1 c6 29. c4 Ref6 30. Qxe4 Rxf2 31. Ne3 R2f3 32. Qe5+ Kh6 33.
c5 R3f5 34. Nxf5+ Rxf5 1-0

[Event "LIII C.to Italiano"]
[Site "Filettino ITA"]
[Date "1994.01.13"]
[Round "1"]
[White "Marinelli, Tullio"]
[Black "Contin, Daniel"]
[Result "0-1"]
[WhiteElo "2370"]
[BlackElo "2420"]
[PlyCount "48"]
[EventDate "1994.01.13"]

1. d4 Nf6 2. c4 e6 3. Nc3 Bb4 4. Qc2 O-O 5. e3 b6 6. Bd3 c5 7. Nge2 Nc6 8. O-O
Ba6 9. Ne4 cxd4 10. exd4 Be7 11. Nxf6+ Bxf6 12. Bxh7+ Kh8 13. Bd3 d5 14. Rd1
Rc8 15. Qa4 dxc4 16. Be4 Na5 17. Qa3 c3 18. Nxc3 Be7 19. Qa4 b5 20. Nxb5 Rc4
21. b4 Rxb4 22. Qa3 f5 23. Qh3+ Kg8 24. Na3 Rxd4 0-1

[Event "LIII C.to Italiano"]
[Site "Filettino ITA"]
[Date "1994.01.13"]
[Round "1"]
[White "Rossi, Carlo"]
[Black "Lucaroni, Massimiliano"]
[Result "1-0"]
[WhiteElo "2345"]
[BlackElo "2290"]
[PlyCount "45"]
[EventDate "1994.01.13"]

1. d4 e6 2. e4 b6 3. Bd3 Bb7 4. Nf3 c5 5. d5 exd5 6. exd5 Bxd5 7. Nc3 Bc6 8.
Qe2+ Be7 9. O-O Nf6 10. Re1 Bxf3 11. Qxf3 Nc6 12. Bg5 Kf8 13. Rxe7 Nxe7 14. Re1
d5 15. Bxf6 gxf6 16. Qxf6 Ng6 17. Qf3 Kg7 18. Nxd5 Re8 19. Rd1 Qd6 20. Ne3 Qf6
21. Nf5+ Kh8 22. Bb5 Re5 23. Qxa8+ 1-0

[Event "LIII C.to Italiano"]
[Site "Filettino ITA"]
[Date "1994.01.14"]
[Round "2"]
[White "Borgo, Giulio"]
[Black "Arlandi, Ennio"]
[Result "1/2-1/2"]
[WhiteElo "2350"]
[BlackElo "2430"]
[PlyCount "101"]
[EventDate "1994.01.13"]

1. e4 e5 2. Nf3 Nf6 3. Nc3 Nc6 4. d4 Bb4 5. Nxe5 O-O 6. Qd3 Re8 7. Bd2 Nxd4 8.
Qxd4 c5 9. Qd3 Rxe5 10. O-O-O d5 11. Nxd5 Nxd5 12. Bxb4 cxb4 13. f4 Re7 14.
Qxd5 Rd7 15. Qh5 g6 16. Qf3 Rxd1+ 17. Qxd1 Qc7 18. Qd2 Be6 19. b3 a5 20. Kb1 a4
21. Bd3 Qa5 22. Bc4 Bxc4 23. bxc4 Rd8 24. Qe3 Qa6 25. c5 Qc4 26. e5 Rd4 27. g3
Qxc5 28. Rc1 Qc3 29. Qxc3 bxc3 30. a3 Rd2 31. Re1 Rxh2 32. Re3 h5 33. Rxc3 h4
34. gxh4 Rxh4 35. Rc4 b5 36. Rb4 Kf8 37. Kc1 Ke7 38. Kd2 g5 39. Rxb5 Rxf4 40.
Ke3 Ke6 41. Rc5 Rh4 42. c3 Rh1 43. Ke4 Re1+ 44. Kd4 Kf5 45. e6+ Kxe6 46. Rxg5
Ra1 47. Re5+ Kf6 48. Ra5 Rxa3 49. Kc4 Ke6 50. Kb4 Ra1 51. Rxa4 1/2-1/2

[Event "LIII C.to Italiano"]
[Site "Filettino ITA"]
[Date "1994.01.14"]
[Round "2"]
[White "Contin, Daniel"]
[Black "Curione, Francesco"]
[Result "1-0"]
[WhiteElo "2420"]
[BlackElo "2195"]
[PlyCount "101"]
[EventDate "1994.01.13"]

1. c4 g6 2. Nc3 Bg7 3. g3 e5 4. Bg2 Nc6 5. e3 d6 6. Nge2 Be6 7. d4 Bxc4 8. d5
Bxe2 9. Qxe2 Nb8 10. Qb5+ Nd7 11. Qxb7 a6 12. Qb4 Ngf6 13. e4 O-O 14. O-O Nc5
15. Qc4 Nfd7 16. Be3 f5 17. f3 a5 18. b3 Qb8 19. Nb5 Qb7 20. Rab1 Rfb8 21. a4
Kh8 22. Bh3 Rf8 23. Qc2 f4 24. Bxd7 Nxd7 25. Qc6 Qxc6 26. dxc6 fxe3 27. cxd7
Rad8 28. Nxc7 Rxd7 29. Nd5 Bh6 30. Kg2 Rb7 31. Rb2 Rfb8 32. Rfb1 Rc8 33. Kf1
Kg7 34. Ke2 Kf7 35. Kd3 Ke6 36. h4 Rc5 37. b4 axb4 38. Rxb4 Rxb4 39. Rxb4 Rc1
40. Rb7 Rd1+ 41. Kc3 Bf8 42. Nxe3 Ra1 43. Rxh7 Rxa4 44. g4 Ra2 45. Nd5 g5 46.
hxg5 Bg7 47. Rxg7 Rc2+ 48. Kb3 Rb2+ 49. Kc4 Rc2+ 50. Nc3 Rf2 51. Rg6+ 1-0

[Event "LIII C.to Italiano"]
[Site "Filettino ITA"]
[Date "1994.01.14"]
[Round "2"]
[White "Lucaroni, Massimiliano"]
[Black "Marinelli, Tullio"]
[Result "1/2-1/2"]
[WhiteElo "2290"]
[BlackElo "2370"]
[PlyCount "68"]
[EventDate "1994.01.13"]

1. e4 c6 2. d4 d5 3. Nc3 dxe4 4. Nxe4 Bf5 5. Ng3 Bg6 6. h4 h6 7. h5 Bh7 8. Nf3
Nd7 9. Bd3 Bxd3 10. Qxd3 Qc7 11. Bd2 e6 12. O-O-O O-O-O 13. Ne4 Ngf6 14. g3
Nxe4 15. Qxe4 Nf6 16. Qe2 Bd6 17. c4 Qe7 18. Ne5 Nd7 19. f4 c5 20. Ba5 Nb6 21.
Bxb6 axb6 22. d5 exd5 23. cxd5 Bxe5 24. fxe5 Qg5+ 25. Kb1 Rhe8 26. Rhe1 f6 27.
e6 Rxd5 28. Rxd5 Qxd5 29. e7 f5 30. Kc1 Qxa2 31. Qe5 Qc4+ 32. Kb1 Qd3+ 33. Kc1
Qc4+ 34. Kb1 Qd3+ 1/2-1/2

[Event "LIII C.to Italiano"]
[Site "Filettino ITA"]
[Date "1994.01.14"]
[Round "2"]
[White "Mantovani, Renzo"]
[Black "Godena, Michele"]
[Result "1/2-1/2"]
[WhiteElo "2360"]
[BlackElo "2480"]
[PlyCount "44"]
[EventDate "1994.01.13"]

1. d4 Nf6 2. Nf3 g6 3. Bf4 Bg7 4. Nbd2 O-O 5. c3 d6 6. e4 Nbd7 7. Bc4 Qe8 8. h3
Kh8 9. Be3 e5 10. dxe5 Nxe5 11. Nxe5 Qxe5 12. Qf3 Bd7 13. Bd4 Qe7 14. O-O Rae8
15. Rae1 Bc6 16. Qd3 a6 17. Re3 Nd7 18. Bxg7+ Kxg7 19. Qd4+ Qe5 20. Rfe1 Nf6
21. Qxe5 Rxe5 22. f3 d5 1/2-1/2

[Event "LIII C.to Italiano"]
[Site "Filettino ITA"]
[Date "1994.01.14"]
[Round "2"]
[White "Passerotti, Pierluigi"]
[Black "Rossi, Carlo"]
[Result "1-0"]
[WhiteElo "2330"]
[BlackElo "2345"]
[PlyCount "97"]
[EventDate "1994.01.13"]

1. Nf3 d6 2. d4 Bg4 3. Nbd2 e6 4. h3 Bh5 5. c4 Nd7 6. Qb3 Rb8 7. e3 Ngf6 8. Bd3
Be7 9. O-O O-O 10. Qc2 c5 11. b3 cxd4 12. exd4 Qa5 13. Bb2 Rfc8 14. Bc3 Qd8 15.
a4 Bg6 16. Bxg6 hxg6 17. Qd3 Qc7 18. Rfc1 Bf8 19. b4 Re8 20. a5 Rbd8 21. Qe3
Qb8 22. Re1 Rc8 23. Ng5 d5 24. c5 b6 25. axb6 axb6 26. Ndf3 Qc7 27. Rac1 Ra8
28. Bd2 bxc5 29. bxc5 Ra6 30. Qf4 Qxf4 31. Bxf4 Nh5 32. Bh2 f6 33. c6 fxg5 34.
cxd7 Rd8 35. Nxg5 Rxd7 36. Nxe6 Be7 37. Nc5 Bxc5 38. dxc5 Rc6 39. Bd6 Nf6 40.
Rcd1 Rb7 41. g4 Rb2 42. f3 Rc8 43. Re7 Rc2 44. g5 Ne8 45. Rde1 d4 46. Rxe8+
Rxe8 47. Rxe8+ Kh7 48. Re1 d3 49. Rd1 1-0

[Event "LIII C.to Italiano"]
[Site "Filettino ITA"]
[Date "1994.01.14"]
[Round "2"]
[White "Redo, Nicola"]
[Black "Belotti, Bruno"]
[Result "0-1"]
[WhiteElo "2210"]
[BlackElo "2420"]
[PlyCount "82"]
[EventDate "1994.01.13"]

1. Nf3 Nf6 2. g3 g6 3. Bg2 Bg7 4. O-O O-O 5. d3 d6 6. e4 c5 7. Re1 Nc6 8. c3 e5
9. h3 Ne8 10. Na3 Nc7 11. Nc2 Ne6 12. b4 a6 13. bxc5 Nxc5 14. Nb4 Bd7 15. Be3
Nxb4 16. cxb4 Na4 17. Qb3 Qe7 18. Rac1 Rfc8 19. d4 Qe6 20. d5 Qe8 21. Nd2 b5
22. Nb1 f5 23. f3 Qf8 24. g4 Bf6 25. exf5 gxf5 26. Rxc8 Rxc8 27. Rc1 f4 28.
Rxc8 Qxc8 29. Bd2 Be8 30. Bf1 Qb7 31. Nc3 Nxc3 32. Bxc3 Bf7 33. Qd1 Qxd5 34.
Qxd5 Bxd5 35. a4 bxa4 36. Bb2 Bxf3 37. Bxa6 Bd8 38. Kf2 Bd5 39. Bb5 Bb6+ 40.
Ke1 Bb3 41. Ke2 e4 0-1

[Event "LIII C.to Italiano"]
[Site "Filettino ITA"]
[Date "1994.01.15"]
[Round "3"]
[White "Arlandi, Ennio"]
[Black "Mantovani, Renzo"]
[Result "1/2-1/2"]
[WhiteElo "2430"]
[BlackElo "2360"]
[PlyCount "134"]
[EventDate "1994.01.13"]

1. d4 Nf6 2. c4 e6 3. Nc3 Bb4 4. Qc2 d6 5. a3 Bxc3+ 6. Qxc3 Qe7 7. Nf3 Nbd7 8.
b4 e5 9. dxe5 dxe5 10. g3 a5 11. Bb2 O-O 12. Bg2 axb4 13. axb4 Rxa1+ 14. Bxa1
Ne4 15. Qb2 Ng5 16. O-O Nxf3+ 17. Bxf3 f6 18. c5 Rd8 19. Qb3+ Kh8 20. Rd1 Nf8
21. Rxd8 Qxd8 22. Qd5 Qxd5 23. Bxd5 c6 24. Bg2 Kg8 25. f4 exf4 26. gxf4 Kf7 27.
Kf2 h6 28. e4 f5 29. Ke3 fxe4 30. Bxe4 g6 31. Kd4 g5 32. fxg5 hxg5 33. Ke5 Ke7
34. Bf5 Nd7+ 35. Ke4 Kd8 36. h3 Ke7 37. Bg4 Kf7 38. Bf5 Ke7 39. Be5 Kf7 40. Kd4
Ke7 41. Bd6+ Kf7 42. Bg4 Kf6 43. Bg3 Ke7 44. Bc7 Ke8 45. Kd3 Kf7 46. Ke2 Ke7
47. Kf2 Ke8 48. Kg2 Ke7 49. Kg3 Kf6 50. Bd8+ Kg6 51. Be6 Kh5 52. Bf5 Kh6 53.
Kg2 Nb6 54. Bxc8 Nxc8 55. Kf3 Kh5 56. Ke4 g4 57. hxg4+ Kxg4 58. Ke5 Na7 59. Kd6
Nb5+ 60. Kd7 Kf5 61. Kc8 Ke6 62. Kxb7 Kd7 63. Bf6 Nc7 64. Bc3 Nb5 65. Be5 Na3
66. Ka6 Nb5 67. Kb6 Na3 1/2-1/2

[Event "LIII C.to Italiano"]
[Site "Filettino ITA"]
[Date "1994.01.15"]
[Round "3"]
[White "Belotti, Bruno"]
[Black "Contin, Daniel"]
[Result "1-0"]
[WhiteElo "2420"]
[BlackElo "2420"]
[PlyCount "65"]
[EventDate "1994.01.13"]

1. d4 Nf6 2. Nf3 b6 3. c4 e6 4. a3 Bb7 5. Nc3 d5 6. cxd5 Nxd5 7. Qc2 Nxc3 8.
bxc3 Be7 9. e4 Nd7 10. Bd3 c5 11. O-O Qc8 12. Qe2 O-O 13. Bf4 a5 14. a4 c4 15.
Bc2 Qc6 16. Rab1 Rae8 17. Rfe1 Bd8 18. Rb5 Bc7 19. d5 exd5 20. Nd4 Qxb5 21.
Nxb5 Bxf4 22. Qg4 Bd2 23. Rd1 f5 24. Qg3 Bh6 25. Nd6 Re7 26. Nxb7 fxe4 27. Qd6
Ref7 28. Qxd5 Nf6 29. Qxc4 Kh8 30. Qxf7 Rxf7 31. Rd8+ Ng8 32. Bb3 e3 33. Bxf7
1-0

[Event "LIII C.to Italiano"]
[Site "Filettino ITA"]
[Date "1994.01.15"]
[Round "3"]
[White "Curione, Francesco"]
[Black "Lucaroni, Massimiliano"]
[Result "1/2-1/2"]
[WhiteElo "2195"]
[BlackElo "2290"]
[PlyCount "90"]
[EventDate "1994.01.13"]

1. e4 e5 2. Nf3 Nc6 3. d4 exd4 4. Nxd4 Bc5 5. Nxc6 Qf6 6. Qd2 dxc6 7. Bd3 Be6
8. Qf4 Qxf4 9. Bxf4 O-O-O 10. Nc3 Bb4 11. Bd2 Ne7 12. f4 f5 13. e5 g5 14. fxg5
Ng6 15. Ne2 Bxd2+ 16. Kxd2 Bc4 17. Kc3 Bxd3 18. cxd3 Nxe5 19. Nf4 c5 20. Rae1
Ng6 21. Nxg6 hxg6 22. Re6 Rd6 23. Rxd6 cxd6 24. h4 Kd7 25. g3 d5 26. Kd2 Kd6
27. Ke3 Ke5 28. Re1 d4+ 29. Kf3+ Kd6 30. Kf4 b6 31. a4 a6 32. b3 Kd7 33. Ra1
Ke6 34. g4 fxg4 35. Kxg4 b5 36. Rf1 Ke5 37. Rf7 bxa4 38. bxa4 Rd8 39. Rc7 Kd6
40. Rg7 c4 41. Rxg6+ Ke5 42. Rf6 cxd3 43. Rf1 d2 44. Rd1 d3 45. Rxd2 Rd4+
1/2-1/2

[Event "LIII C.to Italiano"]
[Site "Filettino ITA"]
[Date "1994.01.15"]
[Round "3"]
[White "Godena, Michele"]
[Black "Redo, Nicola"]
[Result "1-0"]
[WhiteElo "2480"]
[BlackElo "2210"]
[PlyCount "112"]
[EventDate "1994.01.13"]

1. e4 c5 2. Nf3 d6 3. d4 cxd4 4. Qxd4 Nc6 5. Bb5 Bd7 6. Bxc6 Bxc6 7. c4 Nf6 8.
Nc3 g6 9. O-O Bg7 10. Qd3 Nd7 11. Be3 O-O 12. Nd4 Ne5 13. Qe2 Bd7 14. h3 Rc8
15. b3 Nc6 16. Rad1 Qa5 17. Nd5 Rfe8 18. Nb5 Be6 19. f4 f5 20. exf5 Bxf5 21. g4
Bd7 22. Bf2 Kh8 23. Kh1 Kg8 24. Rfe1 Kh8 25. Kg2 b6 26. Rf1 e6 27. Ndc7 Re7 28.
Rxd6 Nb4 29. Be1 Qxa2 30. Qxa2 Nxa2 31. Na6 Bc6+ 32. Kg3 Bb7 33. Nb4 Nxb4 34.
Bxb4 a6 35. Rxb6 axb5 36. Bxe7 Bc6 37. cxb5 Bd5 38. Rd1 Bb2 39. Bd6 Bxb3 40.
Be5+ Bxe5 41. Rd3 Bc4 42. Rd7 Bc3 43. Rbb7 Ba5 44. b6 Bd5 45. Rxh7+ Kg8 46.
Rbg7+ Kf8 47. Rc7 Rxc7 48. bxc7 Bb7 49. Rh8+ Kf7 50. c8=Q Bxc8 51. Rxc8 Be1+
52. Kf3 Kf6 53. g5+ Kf7 54. Rc7+ Kf8 55. Ke4 Bf2 56. Ke5 Bg3 1-0

[Event "LIII C.to Italiano"]
[Site "Filettino ITA"]
[Date "1994.01.15"]
[Round "3"]
[White "Marinelli, Tullio"]
[Black "Passerotti, Pierluigi"]
[Result "1/2-1/2"]
[WhiteElo "2370"]
[BlackElo "2330"]
[PlyCount "32"]
[EventDate "1994.01.13"]

1. d4 f5 2. c4 Nf6 3. g3 g6 4. Bg2 Bg7 5. Nf3 O-O 6. O-O d6 7. Nc3 Qe8 8. d5
Na6 9. Nd4 Bd7 10. e3 c6 11. b3 Nc7 12. Bb2 Rb8 13. a4 a6 14. b4 e5 15. Nde2
cxd5 16. cxd5 g5 1/2-1/2

[Event "LIII C.to Italiano"]
[Site "Filettino ITA"]
[Date "1994.01.15"]
[Round "3"]
[White "Rossi, Carlo"]
[Black "Borgo, Giulio"]
[Result "1-0"]
[WhiteElo "2345"]
[BlackElo "2350"]
[PlyCount "70"]
[EventDate "1994.01.13"]

1. e4 c5 2. Nf3 e6 3. b4 cxb4 4. d4 d5 5. e5 Nc6 6. a3 bxa3 7. c3 Bd7 8. Bd3 a6
9. O-O h6 10. Bxa3 Bxa3 11. Nxa3 b5 12. Qd2 Nge7 13. Nc2 Na5 14. Rfb1 Qc7 15.
h4 Nc4 16. Qf4 f5 17. Nb4 Qc8 18. Bc2 a5 19. Nd3 O-O 20. Nc5 Be8 21. Bd3 a4 22.
Qh2 Qc6 23. h5 Bf7 24. Ra2 Rab8 25. Ne1 Rb6 26. Be2 Rfb8 27. Ned3 Qe8 28. Qh4
Nc6 29. Nb4 N6a5 30. Kh1 Rc8 31. Ncd3 Nc6 32. g4 Ne7 33. g5 hxg5 34. Qxg5 Kh7
35. Rg1 g6 1-0

[Event "LIII C.to Italiano"]
[Site "Filettino ITA"]
[Date "1994.01.16"]
[Round "4"]
[White "Borgo, Giulio"]
[Black "Marinelli, Tullio"]
[Result "0-1"]
[WhiteElo "2350"]
[BlackElo "2370"]
[PlyCount "80"]
[EventDate "1994.01.13"]

1. e4 c5 2. Nc3 d6 3. f4 Nc6 4. Nf3 Bg4 5. Bb5 a6 6. Bxc6+ bxc6 7. O-O Nf6 8.
d3 g6 9. Qe1 Bxf3 10. Rxf3 Bg7 11. Bd2 Nd7 12. Nd1 Rb8 13. Ba5 Qc8 14. Rc1 O-O
15. c4 Bd4+ 16. Kh1 Bxb2 17. Nxb2 Rxb2 18. Bc3 Rxa2 19. h4 f6 20. h5 e5 21. Qh4
gxh5 22. Rcf1 Qe8 23. fxe5 dxe5 24. Rg3+ Kh8 25. Rf5 Rg8 26. Rxh5 Qf7 27. Rh3
Rg7 28. g4 Rc2 29. Ba5 Nf8 30. Bd8 Qb7 31. Rg3 Qb1+ 32. Rg1 Rc1 33. Qg3 Rxg1+
34. Qxg1 Qxd3 35. Bb6 Qxe4+ 36. Kh2 Rxg4 37. Qf2 Rf4 38. Qxc5 Qe2+ 39. Kg3 Qg4+
40. Kh2 Qxh5+ 0-1

[Event "LIII C.to Italiano"]
[Site "Filettino ITA"]
[Date "1994.01.16"]
[Round "4"]
[White "Godena, Michele"]
[Black "Arlandi, Ennio"]
[Result "1-0"]
[WhiteElo "2480"]
[BlackElo "2430"]
[PlyCount "81"]
[EventDate "1994.01.13"]

1. e4 e5 2. Nc3 Nf6 3. g3 Nc6 4. Bg2 Bc5 5. Nge2 a6 6. h3 d6 7. d3 O-O 8. O-O
Ne8 9. Kh2 f5 10. f4 fxe4 11. Nxe4 Ba7 12. fxe5 Rxf1 13. Qxf1 Nxe5 14. Ng5 Qf6
15. Bd5+ Kh8 16. Bf4 h6 17. Bxe5 dxe5 18. Nf7+ Kh7 19. Qg2 Qf2 20. Qxf2 Bxf2
21. Rf1 Bc5 22. Nxe5 Nf6 23. Bb3 b6 24. d4 Bd6 25. Nf7 Be7 26. Nf4 Bb7 27. Re1
Re8 28. c3 Bf8 29. Rxe8 Nxe8 30. Bc2+ Kg8 31. Bb3 Kh7 32. Bd5 Bc8 33. Be4+ Kg8
34. Ne5 c5 35. Bd5+ Kh7 36. Be4+ Kg8 37. Bd5+ Kh7 38. Be6 Bb7 39. Bf5+ Kg8 40.
Be6+ Kh7 41. Nd7 1-0

[Event "LIII C.to Italiano"]
[Site "Filettino ITA"]
[Date "1994.01.16"]
[Round "4"]
[White "Lucaroni, Massimiliano"]
[Black "Belotti, Bruno"]
[Result "0-1"]
[WhiteElo "2290"]
[BlackElo "2420"]
[PlyCount "78"]
[EventDate "1994.01.13"]

1. e4 c5 2. Nc3 Nc6 3. Nf3 d6 4. d4 cxd4 5. Nxd4 Nf6 6. Be3 e6 7. Be2 Be7 8.
O-O O-O 9. f4 a6 10. Qe1 Qc7 11. Qg3 Bd7 12. Rae1 Kh8 13. Kh1 Rac8 14. Nxc6
Bxc6 15. Bd3 e5 16. fxe5 dxe5 17. Rf3 Bd7 18. Ref1 Be6 19. h3 Nh5 20. Qe1 Qd8
21. Bd2 Bg5 22. Ne2 Bxd2 23. Qxd2 Qe7 24. g4 Nf6 25. Ng3 Nd7 26. Nf5 Bxf5 27.
Rxf5 f6 28. Qf2 g6 29. Rf3 Kg7 30. Kg2 Nc5 31. h4 Ne6 32. Kg3 Nf4 33. b3 h5 34.
gxh5 Nxh5+ 35. Kg2 Nf4+ 36. Kg3 Rh8 37. Rh1 g5 38. Bc4 Rh5 39. Re3 Rch8 0-1

[Event "LIII C.to Italiano"]
[Site "Filettino ITA"]
[Date "1994.01.16"]
[Round "4"]
[White "Mantovani, Renzo"]
[Black "Rossi, Carlo"]
[Result "1-0"]
[WhiteElo "2360"]
[BlackElo "2345"]
[PlyCount "63"]
[EventDate "1994.01.13"]

1. d4 d6 2. Nf3 Bg4 3. c4 Nd7 4. Qb3 Rb8 5. h3 Bh5 6. Nc3 a6 7. Bf4 Bxf3 8.
exf3 e5 9. Be3 Ngf6 10. Be2 Be7 11. O-O O-O 12. Rfd1 exd4 13. Bxd4 b5 14. Qc2
b4 15. Nd5 Nxd5 16. cxd5 a5 17. Bd3 g6 18. f4 Bf6 19. Be3 Nc5 20. Rab1 Nxd3 21.
Qxd3 Re8 22. Rdc1 Re7 23. Rc6 a4 24. g3 b3 25. a3 Qf8 26. Bd4 Qg7 27. Rc4 Ra8
28. Kg2 Ra5 29. Qc3 Bxd4 30. Qxa5 h5 31. Qxa4 Bxb2 32. Qxb3 1-0

[Event "LIII C.to Italiano"]
[Site "Filettino ITA"]
[Date "1994.01.16"]
[Round "4"]
[White "Passerotti, Pierluigi"]
[Black "Curione, Francesco"]
[Result "1/2-1/2"]
[WhiteElo "2330"]
[BlackElo "2195"]
[PlyCount "57"]
[EventDate "1994.01.13"]

1. c4 g6 2. Nc3 Bg7 3. e4 d6 4. d4 Nf6 5. Be2 O-O 6. Bg5 Na6 7. Qd2 c5 8. d5
Nc7 9. Bh6 e6 10. Bxg7 Kxg7 11. Nf3 exd5 12. exd5 Re8 13. O-O Bf5 14. Nh4 Bd7
15. g3 Ne4 16. Nxe4 Rxe4 17. Bd3 Re8 18. b4 b6 19. bxc5 dxc5 20. f4 Qf6 21. Nf3
Bh3 22. Rfe1 Rxe1+ 23. Rxe1 Ne8 24. Ne5 h5 25. f5 Bxf5 26. Bxf5 gxf5 27. Kh1
Nd6 28. Nd7 Qd8 29. Qf4 1/2-1/2

[Event "LIII C.to Italiano"]
[Site "Filettino ITA"]
[Date "1994.01.16"]
[Round "4"]
[White "Redo, Nicola"]
[Black "Contin, Daniel"]
[Result "0-1"]
[WhiteElo "2210"]
[BlackElo "2420"]
[PlyCount "67"]
[EventDate "1994.01.13"]

1. Nf3 Nf6 2. g3 b6 3. Bg2 Bb7 4. O-O c5 5. c4 g6 6. b3 Bg7 7. Bb2 d5 8. cxd5
O-O 9. Na3 Nxd5 10. Bxg7 Kxg7 11. d4 Na6 12. dxc5 Nxc5 13. Qd4+ Nf6 14. Rfd1
Qxd4 15. Nxd4 Nce4 16. Rdc1 Rfc8 17. e3 e5 18. Ndc2 Rc5 19. Nb4 Rd8 20. Rd1
Rxd1+ 21. Rxd1 Nxf2 22. Kxf2 Ng4+ 23. Kg1 Bxg2 24. Nc4 Bh3 25. Rd5 Rc7 26. e4
h5 27. a4 Nf6 28. Rxe5 Rd7 29. Nd5 Nxe4 30. Nce3 Nd2 31. Re8 Be6 32. Nf4 Bxb3
33. a5 bxa5 34. g4 0-1

[Event "LIII C.to Italiano"]
[Site "Filettino ITA"]
[Date "1994.01.17"]
[Round "5"]
[White "Arlandi, Ennio"]
[Black "Redo, Nicola"]
[Result "1-0"]
[WhiteElo "2430"]
[BlackElo "2210"]
[PlyCount "83"]
[EventDate "1994.01.13"]

1. d4 d5 2. c4 c6 3. Nc3 Nf6 4. e3 e6 5. Nf3 Bd6 6. Ne5 O-O 7. f4 Ne4 8. Nxe4
dxe4 9. Be2 f6 10. Ng4 Bb4+ 11. Bd2 Qa5 12. a3 Bxd2+ 13. Qxd2 Qxd2+ 14. Kxd2 c5
15. dxc5 a5 16. b4 e5 17. g3 Rd8+ 18. Kc2 exf4 19. gxf4 Na6 20. Rhd1 Bxg4 21.
Bxg4 axb4 22. axb4 Nxb4+ 23. Kc3 Nd3 24. Be6+ Kf8 25. Rxa8 Rxa8 26. Kd4 Ra5 27.
Rb1 Nxc5 28. Bd5 f5 29. Ke5 Ke7 30. Kxf5 Kd6 31. Rd1 Kc7 32. Bxe4 Ra2 33. Bd5
Rxh2 34. e4 Rh5+ 35. Kg4 Rh6 36. e5 b6 37. Ra1 Rg6+ 38. Kf5 Rg3 39. Ra7+ Kb8
40. Rf7 Kc8 41. e6 Kd8 42. Ke5 1-0

[Event "LIII C.to Italiano"]
[Site "Filettino ITA"]
[Date "1994.01.17"]
[Round "5"]
[White "Belotti, Bruno"]
[Black "Passerotti, Pierluigi"]
[Result "1-0"]
[WhiteElo "2420"]
[BlackElo "2330"]
[PlyCount "45"]
[EventDate "1994.01.13"]

1. e4 c5 2. Nf3 Nc6 3. d4 cxd4 4. Nxd4 g6 5. Nc3 Bg7 6. Nb3 Bxc3+ 7. bxc3 Nf6
8. Bd3 d5 9. exd5 Qxd5 10. O-O O-O 11. Qe2 Bf5 12. Ba3 Rfe8 13. Rfe1 Bxd3 14.
cxd3 Nh5 15. c4 Qg5 16. d4 a5 17. Bc1 Qf6 18. d5 a4 19. Bb2 Nf4 20. Bxf6 Nxe2+
21. Rxe2 axb3 22. dxc6 exf6 23. cxb7 1-0

[Event "LIII C.to Italiano"]
[Site "Filettino ITA"]
[Date "1994.01.17"]
[Round "5"]
[White "Contin, Daniel"]
[Black "Lucaroni, Massimiliano"]
[Result "1/2-1/2"]
[WhiteElo "2420"]
[BlackElo "2290"]
[PlyCount "85"]
[EventDate "1994.01.13"]

1. c4 e6 2. Nf3 f5 3. g3 Nf6 4. Bg2 Be7 5. O-O O-O 6. b3 d6 7. d4 Qe8 8. Bb2
Qh5 9. e3 a5 10. Nc3 Na6 11. Ne1 Qh6 12. Nd3 Bd7 13. Qe2 c6 14. e4 e5 15. Bc1
f4 16. dxe5 Ng4 17. h3 f3 18. Bxf3 Qxh3 19. Rd1 Qh2+ 20. Kf1 Nxe5 21. Nxe5 Bh3+
22. Ke1 dxe5 23. Kd2 Bg4 24. Rh1 Rad8+ 25. Ke1 Qxh1+ 26. Bxh1 Bxe2 27. Kxe2 Bc5
28. f4 Bd4 29. Bd2 Nc5 30. f5 g6 31. g4 gxf5 32. exf5 h5 33. Rf1 hxg4 34. Ne4
Nxe4 35. Bxe4 Rd6 36. Rh1 Kg7 37. Bg5 g3 38. Be7 Rxf5 39. Bxd6 g2 40. Rg1 Bxg1
41. Bxf5 Bd4 42. Bxe5+ Bxe5 43. Kf2 1/2-1/2

[Event "LIII C.to Italiano"]
[Site "Filettino ITA"]
[Date "1994.01.17"]
[Round "5"]
[White "Curione, Francesco"]
[Black "Borgo, Giulio"]
[Result "1/2-1/2"]
[WhiteElo "2195"]
[BlackElo "2350"]
[PlyCount "146"]
[EventDate "1994.01.13"]

1. e4 c5 2. Nf3 Nc6 3. Bb5 Nf6 4. e5 Nd5 5. O-O Nc7 6. Bxc6 dxc6 7. h3 Bf5 8.
d3 e6 9. Nc3 Be7 10. Qe2 Qd7 11. Rd1 Nb5 12. Nxb5 cxb5 13. Bf4 h6 14. Bg3 O-O
15. Rd2 Rfd8 16. Rad1 Qc6 17. Ne1 Rd7 18. c3 Rad8 19. Nc2 Qa6 20. a3 b4 21. c4
b5 22. Ne3 bxa3 23. Nxf5 exf5 24. cxb5 Qxb5 25. e6 Rd5 26. exf7+ Kxf7 27. bxa3
Bf6 28. Bf4 Bc3 29. Rc2 Bd4 30. Be3 Bxe3 31. Qxe3 Qb3 32. Rdc1 Qxa3 33. Rxc5
Rxc5 34. Rxc5 Qxd3 35. Rc7+ Kg8 36. Qe5 Qd1+ 37. Kh2 Qd6 38. Rxg7+ Kf8 39.
Qxd6+ Rxd6 40. Rxa7 f4 41. h4 Rd2 42. f3 Rd6 43. Kh3 Kg8 44. Ra5 Rf6 45. h5 Rb6
46. Rf5 Rb4 47. Rf6 Kg7 48. Rg6+ Kh7 49. Kg4 Rb5 50. Kxf4 Rxh5 51. Rd6 Ra5 52.
Kg4 Rg5+ 53. Kh3 Rh5+ 54. Kg3 Rg5+ 55. Kf2 Ra5 56. f4 Ra3 57. g3 Kg7 58. Kg2
Rb3 59. Kh3 Ra3 60. Kh4 Rf3 61. Kg4 Ra3 62. f5 Ra1 63. Rg6+ Kh7 64. Re6 Kg7 65.
Rd6 Rb1 66. Rg6+ Kh7 67. Kh3 Rb5 68. g4 h5 69. Kh4 hxg4 70. Kxg4 Rb7 71. Kg5
Rg7 72. Kf6 Rxg6+ 73. fxg6+ Kh8 1/2-1/2

[Event "LIII C.to Italiano"]
[Site "Filettino ITA"]
[Date "1994.01.17"]
[Round "5"]
[White "Marinelli, Tullio"]
[Black "Mantovani, Renzo"]
[Result "1-0"]
[WhiteElo "2370"]
[BlackElo "2360"]
[PlyCount "103"]
[EventDate "1994.01.13"]

1. d4 Nf6 2. c4 e6 3. Nc3 Bb4 4. Qc2 O-O 5. e3 b6 6. Bd3 Bb7 7. f3 c5 8. Nge2
d5 9. cxd5 cxd4 10. exd4 exd5 11. O-O Ba6 12. Bg5 Bxd3 13. Qxd3 Be7 14. Ng3 h6
15. Bf4 Nc6 16. Nf5 Re8 17. g4 Qd7 18. a3 Bf8 19. Rac1 Re6 20. Kh1 Ne8 21. Rcd1
Ne7 22. Ne3 g6 23. Be5 Bg7 24. f4 f6 25. f5 Rc6 26. Bg3 g5 27. Rfe1 Bf8 28. Re2
Ng7 29. Rde1 Rac8 30. Qb5 Rd8 31. Nc2 Rcc8 32. Qd3 h5 33. h3 h4 34. Bh2 Nc6 35.
Ne3 Ne7 36. Rc2 Re8 37. Rec1 Kh7 38. Qb5 Qxb5 39. Nxb5 Rxc2 40. Rxc2 a6 41. Nc7
Rc8 42. Ncxd5 Ne8 43. Nxb6 Rd8 44. d5 Kg8 45. b4 Nd6 46. Rc7 Nb5 47. Rb7 Nxa3
48. d6 Nc6 49. Ned5 Bxd6 50. Nxf6+ Kf8 51. Nbd7+ Kg7 52. Bxd6 1-0